[Event "GER-ch Seniors 65+ 30th"]
[Site "Hamburg"]
[Date "2018.07.29"]
[Round "9"]
[White "Schmidt, Gerhard2"]
[Black "Bartlitz, Heinz"]
[Result "1-0"]
[WhiteElo "1732"]
[BlackElo "1623"]
[PlyCount "51"]
[EventDate "2018.07.21"]
[EventType "swiss"]
[EventRounds "9"]
[EventCountry "GER"]
[SourceTitle "EXT 2020"]
[Source "ChessBase"]
[SourceDate "2019.10.17"]
[SourceVersion "1"]
[SourceVersionDate "2019.10.17"]
[SourceQuality "1"]

1. e4 d6 2. d4 Nf6 3. Bd3 g6 4. c3 c6 5. f4 e6 6. Nf3 Bg7 7. 0-0 0-0 8. Nbd2 b5 9. a4 a6 10. axb5 cxb5 11. Bxb5 Ng4 12. Qe2 Nf6 13. Bd3 Nc6 14. e5 dxe5 15. fxe5 Nd7 16. Ne4 f6 17. exf6 Nxf6 18. Bg5 h6 19. Nxf6+ Rxf6 20. Bxf6 Bxf6 21. Bxg6 Qe7 22. Be4 Bb7 23. Bxc6 Bxc6 24. Rxa6 Rxa6 25. Qxa6 Bxf3 26. Rxf3 1-0

[Event "GER-ch Seniors 65"]
[Site "Hamburg"]
[Date "2018.07.27"]
[Round "7"]
[White "Wagner, Richard1"]
[Black "Bartlitz, Heinz"]
[Result "1-0"]
[WhiteElo "1789"]
[BlackElo "1623"]
[PlyCount "79"]
[EventDate "2018.07.21"]
[EventType "swiss"]
[EventRounds "9"]
[EventCountry "GER"]
[SourceTitle "CBM 186 Extra"]
[Source "ChessBase"]
[SourceDate "2018.08.24"]
[SourceVersion "1"]
[SourceVersionDate "2018.08.24"]
[SourceQuality "1"]

1. e4 d6 2. d4 Nf6 3. Nc3 g6 4. Nf3 Bg7 5. h3 0-0 6. Bf4 c6 7. Bd3 Nbd7 8. 0-0 Qc7 9. e5 dxe5 10. dxe5 Nh5 11. Bh2 Nxe5 12. g4 Nxf3+ 13. Qxf3 Be5 14. Bxe5 Qxe5 15. gxh5 Qg5+ 16. Kh2 Qe5+ 17. Kh1 Qg5 18. Rg1 Qh4 19. hxg6 fxg6 20. Qg3 Qxh3+ 21. Qxh3 Bxh3 22. Rg3 Be6 23. Re1 Bf5 24. Bxf5 Rxf5 25. f3 Kf8 26. Kg2 Rd8 27. Ne4 Rfd5 28. Kf2 b5 29. Ng5 R8d7 30. Nxh7+ Kg7 31. Ng5 a5 32. Ne4 c5 33. Nc3 Rd2+ 34. Re2 Rxe2+ 35. Kxe2 b4 36. Ne4 c4 37. Rg5 a4 38. Rb5 b3 39. axb3 Rc7 40. bxa4 1-0

[Event "Hamburg-ch Seniors 23rd"]
[Site "Hamburg"]
[Date "2016.11.05"]
[Round "4"]
[White "Zimmermann, Manfred"]
[Black "Bartlitz, Heinz"]
[Result "1-0"]
[WhiteElo "1777"]
[BlackElo "1638"]
[PlyCount "27"]
[EventDate "2016.11.02"]
[EventType "swiss"]
[EventRounds "9"]
[EventCountry "GER"]
[SourceTitle "EXT 2019"]
[Source "ChessBase"]
[SourceDate "2018.10.10"]
[SourceVersion "1"]
[SourceVersionDate "2018.10.10"]
[SourceQuality "1"]

1. e4 g6 2. d4 Bg7 3. Nc3 d6 4. Be3 a6 5. h3 Nc6 6. Nf3 e6 7. Qd2 e5 8. dxe5 Nxe5 9. Nxe5 dxe5 10. Qxd8+ Kxd8 11. Rd1+ Ke7 12. Nd5+ Kf8 13. Bc5+ Ke8 14. Nxc7# 1-0

[Event "Hamburg-ch Seniors 23rd"]
[Site "Hamburg"]
[Date "2016.11.04"]
[Round "3"]
[White "Bartlitz, Heinz"]
[Black "Kaiser, Guenter"]
[Result "1/2-1/2"]
[WhiteElo "1638"]
[BlackElo "1530"]
[PlyCount "124"]
[EventDate "2016.11.02"]
[EventType "swiss"]
[EventRounds "9"]
[EventCountry "GER"]
[SourceTitle "EXT 2019"]
[Source "ChessBase"]
[SourceDate "2018.10.10"]
[SourceVersion "1"]
[SourceVersionDate "2018.10.10"]
[SourceQuality "1"]

1. e4 Nf6 2. d3 e5 3. Nf3 Nc6 4. c3 Bc5 5. h3 d6 6. Bg5 h6 7. Bh4 Bd7 8. Nbd2 a6 9. Be2 g5 10. Bg3 Qe7 11. a3 Rg8 12. b4 Ba7 13. Nh2 0-0-0 14. Ng4 Rh8 15. Nc4 Be8 16. Nce3 Nxg4 17. Nd5 Qf8 18. Bxg4+ Bd7 19. Bxd7+ Rxd7 20. Nf6 Rd8 21. Qg4+ Kb8 22. Nd7+ Rxd7 23. Qxd7 Ne7 24. Ke2 f5 25. f3 f4 26. Bf2 Bxf2 27. Kxf2 h5 28. b5 a5 29. b6 Nc8 30. bxc7+ Ka7 31. Rab1 b6 32. Rb3 Qe8 33. Qxe8 Rxe8 34. d4 Re7 35. Rc1 Kb7 36. Rb5 Kxc7 37. dxe5 Rxe5 38. c4 Kc6 39. a4 Na7 40. Rd5 Nc8 41. Rcd1 g4 42. hxg4 hxg4 43. g3 gxf3 44. Rxe5 fxg3+ 45. Kxf3 dxe5 46. Rd5 Nd6 47. Rxe5 Nxc4 48. Rb5 Nd6 49. Rg5 g2 50. Rxg2 b5 51. axb5+ Kxb5 52. e5 Nf5 53. Ke4 Ne7 54. e6 a4 55. Ke5 a3 56. Kd6 Nf5+ 57. Kd7 Kb4 58. Rf2 Ng7 59. e7 Kb3 60. Rg2 a2 61. Rxg7 a1Q 62. e8Q Qxg7+ 1/2-1/2

[Event "Hamburg-ch Seniors 23rd"]
[Site "Hamburg"]
[Date "2016.11.02"]
[Round "1"]
[White "Bartlitz, Heinz"]
[Black "Lewald, Stephan"]
[Result "1/2-1/2"]
[WhiteElo "1638"]
[BlackElo "1976"]
[PlyCount "52"]
[EventDate "2016.11.02"]
[EventType "swiss"]
[EventRounds "9"]
[EventCountry "GER"]
[SourceTitle "EXT 2019"]
[Source "ChessBase"]
[SourceDate "2018.10.10"]
[SourceVersion "1"]
[SourceVersionDate "2018.10.10"]
[SourceQuality "1"]

1. e4 c5 2. Nf3 g6 3. g3 Bg7 4. Bg2 Nc6 5. c3 e5 6. d3 d6 7. 0-0 Nge7 8. Be3 0-0 9. Qc1 b6 10. Bh6 d5 11. Bxg7 Kxg7 12. Qc2 Ba6 13. Re1 d4 14. Bf1 Rc8 15. c4 Qc7 16. a3 Rce8 17. Bh3 Bc8 18. Bg2 f5 19. exf5 Nxf5 20. Nbd2 Nd6 21. Ng5 Nf7 22. Nge4 Bb7 23. Re2 a5 24. Rf1 Ne7 25. Bh3 Bc8 26. Bg2 Bb7 1/2-1/2

[Event "Hamburg-ch Seniors 21st"]
[Site "Hamburg"]
[Date "2014.11.02"]
[Round "5"]
[White "Bartlitz, Heinz"]
[Black "Lange, Karl Heinz"]
[Result "0-1"]
[WhiteElo "1477"]
[BlackElo "1716"]
[PlyCount "50"]
[EventDate "2014.10.29"]
[EventType "swiss"]
[EventRounds "9"]
[EventCountry "GER"]
[SourceTitle "EXT 2018"]
[Source "ChessBase"]
[SourceDate "2017.10.13"]
[SourceVersion "1"]
[SourceVersionDate "2017.10.13"]
[SourceQuality "1"]

1. e4 c5 2. Nc3 g6 3. g3 Bg7 4. Bg2 e6 5. d3 d6 6. f4 Ne7 7. Nf3 0-0 8. 0-0 Nbc6 9. Ne2 Rb8 10. c3 b5 11. Rb1 b4 12. cxb4 Rxb4 13. b3 Rb8 14. Bb2 Qa5 15. Bxg7 Kxg7 16. Qd2 Qxd2 17. Nxd2 Ba6 18. Nc1 d5 19. exd5 exd5 20. Re1 Rfe8 21. Bf1 Nd4 22. Rb2 Nef5 23. Rxe8 Rxe8 24. Kf2 Ne3 25. h3 Nd1+ 0-1

[Event "Wuerttemberg-ch Seniors op 26th"]
[Site "Freudenstadt"]
[Date "2014.07.18"]
[Round "3"]
[White "Klein, Peter1"]
[Black "Bartlitz, Heinz"]
[Result "1-0"]
[WhiteElo "1809"]
[BlackElo "1741"]
[PlyCount "101"]
[EventDate "2014.07.16"]
[EventType "swiss"]
[EventRounds "9"]
[EventCountry "GER"]
[SourceTitle "EXT 2019"]
[Source "ChessBase"]
[SourceDate "2018.10.10"]
[SourceVersion "1"]
[SourceVersionDate "2018.10.10"]
[SourceQuality "1"]

1. d4 d6 2. Nf3 Nf6 3. c4 c6 4. Nc3 a6 5. g3 h6 6. Bg2 Nbd7 7. Qc2 e5 8. dxe5 dxe5 9. 0-0 Qc7 10. Be3 Bc5 11. Bxc5 Nxc5 12. Rad1 0-0 13. b4 Ne6 14. Ne4 Nh7 15. Nd6 Nd4 16. Nxd4 Qxd6 17. Nxc6 Qf6 18. Na5 Rb8 19. c5 Bf5 20. Be4 Bxe4 21. Qxe4 Ng5 22. Qg4 Rfd8 23. h4 Ne6 24. Qe4 Rd4 25. Rxd4 Nxd4 26. Nc4 Nc6 27. a3 Qe6 28. Rd1 Rd8 29. Rxd8+ Nxd8 30. Nd6 Qe7 31. f4 f6 32. Qd5+ Kh7 33. Nf5 Qc7 34. e3 exf4 35. exf4 b6 36. cxb6 Qxb6+ 37. Kg2 Qc6 38. Ne7 Qe8 39. Qe4+ g6 40. h5 Kg7 41. hxg6 Qd7 42. f5 Nb7 43. Nd5 Nd6 44. Qe6 Qxe6 45. fxe6 Kxg6 46. Nc7 f5 47. Nxa6 Kf6 48. Nc5 Ke7 49. a4 Ne4 50. a5 Nxc5 51. bxc5 1-0

[Event "Bad Woerishofen Seniors op 30th"]
[Site "Bad Woerishofen"]
[Date "2014.03.27"]
[Round "7"]
[White "Bartlitz, Heinz"]
[Black "Buss, Richard"]
[Result "1-0"]
[WhiteElo "1750"]
[BlackElo "1628"]
[PlyCount "99"]
[EventDate "2014.03.21"]
[EventType "swiss"]
[EventRounds "9"]
[EventCountry "GER"]
[SourceTitle "EXT 2019"]
[Source "ChessBase"]
[SourceDate "2018.10.10"]
[SourceVersion "1"]
[SourceVersionDate "2018.10.10"]
[SourceQuality "1"]

1. f4 d5 2. Nf3 Nc6 3. g3 Bg4 4. Bg2 f6 5. 0-0 g6 6. c3 Bg7 7. d4 Bxf3 8. Bxf3 e6 9. Nd2 Nge7 10. e4 dxe4 11. Bxe4 0-0 12. Qb3 Kf7 13. Qxb7 Rb8 14. Qa6 Rb6 15. Qa4 f5 16. Bg2 Qc8 17. Nc4 Ra6 18. Qb3 Rd8 19. Bd2 Na5 20. Nxa5 Rxa5 21. Qd1 Ra6 22. Qb3 Rb6 23. Qc2 Nd5 24. b3 Qa6 25. Bxd5 Rxd5 26. Rfe1 Rc6 27. Qb2 Qd3 28. Re3 Qa6 29. Qb1 Rdd6 30. Qf1 Qb6 31. Kg2 h5 32. h3 Bf6 33. Qf3 Qa6 34. g4 hxg4 35. hxg4 Qc8 36. Rh1 Qg8 37. g5 Bg7 38. Rd3 Rb6 39. Be3 Ra6 40. a4 e5 41. fxe5 Bxe5 42. Bf4 Bxf4 43. Qxf4 Rac6 44. c4 Qg7 45. Rh6 Rd7 46. Qh4 Rd8 47. Rh7 Rg8 48. Rxg7+ Rxg7 49. d5 Rd6 50. Qd4 1-0

[Event "Hamburg Seniors-ch 20th"]
[Site "Hamburg"]
[Date "2013.11.06"]
[Round "8"]
[White "Wagner, Wolfgang"]
[Black "Bartlitz, Heinz"]
[Result "1/2-1/2"]
[WhiteElo "1347"]
[BlackElo "1511"]
[PlyCount "47"]
[EventDate "2013.10.30"]
[EventType "swiss"]
[EventRounds "9"]
[EventCountry "GER"]
[SourceTitle "EXT 2015"]
[Source "ChessBase"]
[SourceDate "2014.11.20"]
[SourceVersion "1"]
[SourceVersionDate "2014.11.20"]
[SourceQuality "1"]

1. c4 f5 2. d4 d6 3. e3 Nf6 4. Nc3 g6 5. g3 Bg7 6. Bg2 0-0 7. Nge2 Qe8 8. 0-0 c6 9. a3 e5 10. f4 e4 11. h3 Nbd7 12. Rb1 Rb8 13. b3 Nb6 14. Rf2 d5 15. c5 Nbd7 16. b4 b5 17. a4 a6 18. axb5 axb5 19. Ra1 Bb7 20. Bd2 Ra8 21. Ra5 Rxa5 22. bxa5 Ba6 23. Qa1 Qb8 24. Na2 1/2-1/2

[Event "Hamburg Seniors op 19th"]
[Site "Hamburg"]
[Date "2012.10.28"]
[Round "5"]
[White "Bartlitz, Heinz"]
[Black "Ristic, Sreten"]
[Result "0-1"]
[WhiteElo "1591"]
[BlackElo "1775"]
[PlyCount "80"]
[EventDate "2012.10.24"]
[EventType "swiss"]
[EventRounds "9"]
[EventCountry "GER"]
[SourceTitle "EXT 2015"]
[Source "ChessBase"]
[SourceDate "2014.11.20"]
[SourceVersion "1"]
[SourceVersionDate "2014.11.20"]
[SourceQuality "1"]

1. e4 e6 2. d3 Be7 3. Nf3 d5 4. Nbd2 Nf6 5. g3 Nbd7 6. Bg2 0-0 7. 0-0 c5 8. Re1 b6 9. h3 Bb7 10. e5 Ne8 11. c3 Nc7 12. Nf1 Kh8 13. Ne3 a6 14. Ng4 b5 15. Nfh2 h5 16. Ne3 g6 17. Nc2 Rg8 18. c4 Nf8 19. b3 Nh7 20. f4 Ne8 21. Qe2 Ng7 22. Ne3 Qd7 23. Nf3 Rad8 24. d4 dxc4 25. Rd1 Bxf3 26. Bxf3 cxd4 27. Nf1 Qc7 28. bxc4 bxc4 29. Be4 d3 30. Qf2 Nf5 31. Be3 g5 32. Bb6 Qc8 33. Bxd8 Bc5 34. Bxg5 Nxg5 35. fxg5 Rxg5 36. Bxf5 Rxf5 37. Ne3 Rxf2 38. Kxf2 Qc7 39. Kf3 Qxe5 40. Nxc4 Qd5+ 0-1

[Event "Hamburg Seniors op 19th"]
[Site "Hamburg"]
[Date "2012.10.24"]
[Round "1"]
[White "Bartlitz, Heinz"]
[Black "Hawranke, Dietrich"]
[Result "0-1"]
[WhiteElo "1591"]
[BlackElo "2053"]
[PlyCount "34"]
[EventDate "2012.10.24"]
[EventType "swiss"]
[EventRounds "9"]
[EventCountry "GER"]
[SourceTitle "EXT 2015"]
[Source "ChessBase"]
[SourceDate "2014.11.20"]
[SourceVersion "1"]
[SourceVersionDate "2014.11.20"]
[SourceQuality "1"]

1. e4 c5 2. Nc3 Nc6 3. g3 g6 4. Bg2 Bg7 5. d3 d6 6. h3 Bd7 7. Be3 Rc8 8. Qd2 Nd4 9. Rb1 Qa5 10. Nf3 e5 11. 0-0 Nxf3+ 12. Bxf3 Bxh3 13. Bg2 Bd7 14. f4 Nf6 15. fxe5 Ng4 16. exd6 Nxe3 17. Qxe3 Bd4 0-1

[Event "Hamburg-ch Seniors 18th"]
[Site "Hamburg"]
[Date "2011.11.03"]
[Round "6"]
[White "Bartlitz, Heinz"]
[Black "Berking, Bernhard"]
[Result "1-0"]
[WhiteElo "1787"]
[BlackElo "1633"]
[PlyCount "69"]
[EventDate "2011.10.29"]
[EventType "swiss"]
[EventRounds "9"]
[EventCountry "GER"]
[SourceTitle "EXT 2015"]
[Source "ChessBase"]
[SourceDate "2014.11.20"]
[SourceVersion "1"]
[SourceVersionDate "2014.11.20"]
[SourceQuality "1"]

1. f4 d5 2. Nf3 Nf6 3. d3 e6 4. c3 Bc5 5. g3 Ng4 6. d4 Bb6 7. Bg2 0-0 8. 0-0 Nd7 9. Qe1 c5 10. e3 cxd4 11. exd4 Bc7 12. Ne5 Ngxe5 13. fxe5 Nb6 14. Nd2 Bd7 15. Rf2 Bb5 16. a4 Bxa4 17. Bf1 Bd7 18. Qe2 f6 19. Nf3 fxe5 20. Bg5 Qe8 21. Nxe5 Rxf2 22. Kxf2 Bd8 23. Bd2 a6 24. Bh3 Qf8+ 25. Kg1 Bc8 26. Rf1 Qe8 27. Qg4 Nc4 28. Rf7 Bf6 29. Rxf6 Nxd2 30. Rf7 g6 31. Qf4 Ne4 32. Qh6 Qxf7 33. Nxf7 Kxf7 34. Qxh7+ Kf6 35. Qh8+ 1-0